[Event "GER-ch Net blitz sf"]
[Site "Playchess.com INT"]
[Date "2021.06.05"]
[Round "4"]
[White "Pauly, Markus"]
[Black "Wend, Uwe"]
[Result "0-1"]
[WhiteElo "1996"]
[BlackElo "2058"]
[PlyCount "58"]
[EventDate "2021.06.05"]
[EventType "swiss (blitz)"]
[EventRounds "13"]
[EventCountry "GER"]
[SourceTitle "EXT 2023"]
[Source "ChessBase"]
[SourceDate "2022.10.05"]
[SourceVersion "1"]
[SourceVersionDate "2022.10.05"]
[SourceQuality "1"]

1. c4 e5 2. Nc3 d6 3. g3 f5 4. Bg2 Nf6 5. d3 c6 6. e4 Be7 7. Nge2 0-0 8. 0-0 Be6 9. exf5 Bxf5 10. d4 Nbd7 11. b3 Bg4 12. f3 Bh5 13. Ba3 d5 14. Bxe7 Qxe7 15. dxe5 Nxe5 16. cxd5 Rad8 17. Nf4 Bf7 18. Re1 cxd5 19. Qd4 Rfe8 20. Rad1 Qc7 21. Ncxd5 Nxd5 22. Nxd5 Rxd5 23. Qxd5 Bxd5 24. Rxd5 Kf7 25. f4 Nc6 26. Red1 Rd8 27. Rxd8 Nxd8 28. Bd5+ Kf6 29. Bc4 Ne6 0-1

[Event "GER-ch Net blitz qual3"]
[Site "Playchess.com INT"]
[Date "2021.05.07"]
[Round "8"]
[White "Bluebaum, Johanna"]
[Black "Wend, Uwe"]
[Result "0-1"]
[WhiteElo "1817"]
[BlackElo "2047"]
[PlyCount "62"]
[EventDate "2021.05.07"]
[EventType "swiss (blitz)"]
[EventRounds "11"]
[EventCountry "GER"]
[SourceTitle "CBM 202 Extra"]
[Source "ChessBase"]
[SourceDate "2021.07.31"]
[SourceVersion "1"]
[SourceVersionDate "2021.07.31"]
[SourceQuality "1"]

1. d4 e5 2. dxe5 d6 3. exd6 Bxd6 4. e3 Nc6 5. Nf3 Nf6 6. Be2 Bg4 7. 0-0 Qe7 8. h3 h5 9. c4 0-0-0 10. Qa4 Kb8 11. Nc3 a6 12. a3 Ne5 13. b4 Bxf3 14. Bxf3 Nxf3+ 15. gxf3 Qe5 16. f4 Qxc3 17. Rb1 Qxc4 18. Bb2 Qb5 19. Qb3 Ne4 20. Rfd1 Qf5 21. Kg2 Qg6+ 22. Kf3 Bxf4 23. exf4 Nd2+ 24. Rxd2 Rxd2 25. Qe3 Rhd8 26. Be5 R2d3 27. Rc1 Rxe3+ 28. fxe3 Rd7 29. e4 Rd3+ 30. Ke2 Qxe4+ 31. Kf2 Rd2+ 0-1

[Event "GER-ch Net blitz qual3"]
[Site "Playchess.com INT"]
[Date "2021.05.07"]
[Round "10"]
[White "Lachmann, Utz"]
[Black "Wend, Uwe"]
[Result "0-1"]
[WhiteElo "1868"]
[BlackElo "2047"]
[PlyCount "176"]
[EventDate "2021.05.07"]
[EventType "swiss (blitz)"]
[EventRounds "11"]
[EventCountry "GER"]
[SourceTitle "CBM 202 Extra"]
[Source "ChessBase"]
[SourceDate "2021.07.31"]
[SourceVersion "1"]
[SourceVersionDate "2021.07.31"]
[SourceQuality "1"]

1. e4 c5 2. Nf3 d6 3. Bb5+ Bd7 4. Bxd7+ Nxd7 5. 0-0 a6 6. d4 e6 7. Nc3 cxd4 8. Qxd4 Qc7 9. Bg5 Ngf6 10. Rad1 Be7 11. Rfe1 Rd8 12. h4 0-0 13. Qe3 Rfe8 14. Re2 Ne5 15. Nxe5 dxe5 16. Red2 Rxd2 17. Rxd2 Rd8 18. Rxd8+ Qxd8 19. Qd3 Qc7 20. Bxf6 Bxf6 21. h5 h6 22. Ne2 Qa5 23. Nc3 b5 24. a3 Bg5 25. Qd7 Qd8 26. Qxd8+ Bxd8 27. f3 Bg5 28. Ne2 Kf8 29. Kf1 Ke7 30. Ke1 Kd6 31. b3 Kc5 32. Kd1 f5 33. c3 Be7 34. Kc2 Kc6 35. Kd3 Bxa3 36. Ng3 f4 37. Ne2 Be7 38. g3 Bd6 39. b4 Kb6 40. Kc2 a5 41. bxa5+ Kxa5 42. Kb3 Kb6 43. c4 Kc5 44. cxb5 Kxb5 45. g4 Kc5 46. Kc3 Be7 47. Kd3 Bh4 48. Nc1 Bf2 49. Nb3+ Kb5 50. Kc3 Kc6 51. Kc4 Bg1 52. Na5+ Kb6 53. Nb3 Kc6 54. Nc1 Kd7 55. Kb5 Ke7 56. Kc6 Kf6 57. Kd7 Bd4 58. Nd3 Kf7 59. Nb4 Kf6 60. Nc6 Bc3 61. Nd8 Kg5 62. Nxe6+ Kh4 63. Nxg7 Kg3 64. Nf5+ Kxf3 65. Nxh6 Kxe4 66. g5 Kf3 67. g6 e4 68. Nf5 e3 69. h6 e2 70. g7 e1Q 71. g8Q Qd2+ 72. Nd6 Bb4 73. Qe6 Qd3 74. Qh3+ Ke2 75. Qg2+ Ke3 76. Qg1+ Ke2 77. Qh2+ Kf3 78. Qh3+ Ke2 79. Qe6+ Qe3 80. h7 Bc3 81. Qxe3+ Kxe3 82. Nc4+ Kd3 83. Nd6 f3 84. Nf5 f2 85. Ng3 Ke3 86. Ke6 Kf3 87. Nf1 Bd4 88. Kd5 Bh8 0-1

[Event "GER-ch Net blitz qual3"]
[Site "Playchess.com INT"]
[Date "2021.05.07"]
[Round "2"]
[White "Wend, Uwe"]
[Black "Kitschke, Heiko"]
[Result "1-0"]
[WhiteElo "2047"]
[BlackElo "1806"]
[PlyCount "83"]
[EventDate "2021.05.07"]
[EventType "swiss (blitz)"]
[EventRounds "11"]
[EventCountry "GER"]
[SourceTitle "CBM 202 Extra"]
[Source "ChessBase"]
[SourceDate "2021.07.31"]
[SourceVersion "1"]
[SourceVersionDate "2021.07.31"]
[SourceQuality "1"]

1. e4 e6 2. d4 d5 3. exd5 exd5 4. Nf3 Nf6 5. Bd3 Bg4 6. 0-0 Be7 7. Bg5 0-0 8. Nbd2 Nbd7 9. c3 c6 10. Qc2 h6 11. Bh4 Re8 12. Rfe1 Nf8 13. Ne5 Be6 14. h3 N6h7 15. Bg3 Nf6 16. f4 Nh5 17. Bh2 Bc8 18. g4 Nf6 19. Rf1 c5 20. Rae1 Bd7 21. Bf5 Rc8 22. Qb1 cxd4 23. cxd4 Qb6 24. Ndf3 Bxf5 25. Qxf5 Ne4 26. Qxf7+ Kh8 27. Qxd5 Nf6 28. Qb3 Qxb3 29. axb3 Rc2 30. Rf2 Rxf2 31. Kxf2 Kg8 32. g5 hxg5 33. fxg5 Nd5 34. h4 Bb4 35. Re2 Ne6 36. Nd3 Re7 37. Nxb4 Nxb4 38. Bd6 Nd3+ 39. Ke3 Re8 40. Kxd3 Nf4+ 41. Bxf4 Rf8 42. Re4 1-0

[Event "GER-ch Net Amateur Gr-A Vor3"]
[Site "Playchess.com INT"]
[Date "2020.04.16"]
[Round "9"]
[White "Reichel, Jonathan"]
[Black "Wend, Uwe"]
[Result "1-0"]
[WhiteElo "1950"]
[BlackElo "2016"]
[PlyCount "61"]
[EventDate "2020.04.16"]
[EventType "swiss (blitz)"]
[EventRounds "9"]
[EventCountry "GER"]
[SourceTitle "CBM 195 Extra"]
[Source "ChessBase"]
[SourceDate "2020.05.31"]
[SourceVersion "1"]
[SourceVersionDate "2020.05.31"]
[SourceQuality "1"]

1. e4 c5 2. Nf3 d6 3. Bb5+ Bd7 4. Bxd7+ Nxd7 5. 0-0 e6 6. c3 a6 7. d4 Ngf6 8. Re1 Qc7 9. h3 Be7 10. Bf4 e5 11. Bh2 0-0 12. Nbd2 b5 13. Nf1 Rac8 14. d5 g6 15. Qc2 c4 16. Ne3 Nc5 17. Ng4 Nfxe4 18. Rxe4 Nxe4 19. Qxe4 f5 20. Nh6+ Kg7 21. Nxf5+ Rxf5 22. g4 Rf7 23. Nxe5 Rf6 24. Nc6 Re8 25. Re1 Rf7 26. Bg3 h6 27. Nd4 Qd7 28. Ne6+ Kg8 29. Qxg6+ Kh8 30. Qxf7 Bg5 31. Qxd7 1-0